00737nam a22002417a 4500001000500000005001700005020001800022040002900040050001400069082001100083100002200094245005700116250004800173260002900221300005700250505000600307520009500313521002700408521001800435650001000453650001500463700001700478114020250716161417.0 a9781407518428 aFISKHbengcFISKHdFISKH aPZ7.P6427 a823.92 aPitcher, Caroline aJust one more swimcCaroline Pitcher and Jenny Jones aThis edition published by Parragon in 2010. aBath :bParragon,c2008. a24 unnumbered pages :bcolor illustrations ;c30 cm. aF aBig Bear introduces her cubs to their environment by teaching them to catch fish and swim. a400 bLexile estimate aF bRaz-Plus 2bears 2polar bear aJones, Jenny